000 00397nam a22001577a 4500
005 20200524143505.0
008 200524b xxu||||| |||| 00| 0 eng d
041 _aeng
082 _a340
100 _aBARE ACT
_95744
245 _aTHE CHEMICAL WEAPONS CONVENTION ACT, 2000 (B4 - 2000)
260 _aDELHI
_bPROFESSIONAL BOOKS PUBLISHERS
300 _a135;p
650 _aLAW
_95701
942 _cBK
999 _c6507
_d6505